Kickoff (Record no. 95)

MARC details
000 -LEADER
fixed length control field 00437nam a22001457a 4500
008 - FIXED-LENGTH DATA ELEMENTS--GENERAL INFORMATION
fixed length control field 230602b xxu||||| |||| 00| 0 eng d
020 ## - INTERNATIONAL STANDARD BOOK NUMBER
International Standard Book Number 9789966194763
082 ## - DEWEY DECIMAL CLASSIFICATION NUMBER
Classification number 796.334
Item number GAC
100 ## - MAIN ENTRY--PERSONAL NAME
Titles and words associated with a name Roy Gachuhi
245 ## - TITLE STATEMENT
Title Kickoff
Remainder of title The Game, The Glory and The Greats of Kenyan Football
260 ## - PUBLICATION, DISTRIBUTION, ETC. (IMPRINT)
Place of publication, distribution, etc. Nairobi, Kenya
Name of publisher, distributor, etc. Kenya Yearbook Editorial Board
300 ## - PHYSICAL DESCRIPTION
Extent 162p
440 ## - SERIES STATEMENT/ADDED ENTRY--TITLE
Name of part/section of a work Kenya Yearbook Editorial Board Sports Series
942 ## - ADDED ENTRY ELEMENTS (KOHA)
Source of classification or shelving scheme Dewey Decimal Classification
Koha item type Books
Holdings
Withdrawn status Lost status Source of classification or shelving scheme Damaged status Not for loan Home library Current library Date acquired Total Checkouts Full call number Barcode Date last seen Price effective from Koha item type
    Dewey Decimal Classification     Bunge Tower Library Bunge Tower Library 06/02/2023   796.334 GAC 10001889 06/02/2023 06/02/2023 Books
LIBRARY OPENING HOURS

When the Parliament is sitting: 8.00a.m - 7.00p.m or until the house adjourns
Mondays and Fridays and when the House is on Recess:  8.00a.m - 5.00p.m
Closed on Weekends and Public Holidays

Online Public Access Catalog (OPAC)
Website: http://www.parliament.go.ke
Bunge Library: https://libraryir.parliament.go.ke
Contact: library@parliament.go.ke | Tel no: (254-2)2221291 or 2848000 Ext 5043